| 000 | 01731nam1a2200349 i 4500 | ||
|---|---|---|---|
| 001 | RU\NLR\bibl\1184729 | ||
| 005 | 20260405221051.0 | ||
| 010 | _a978-5-86866-402-1 | ||
| 035 | _a(NLR Aleph) 001171309 | ||
| 090 |
_a1599135 _c1599135 |
||
| 100 | _a20080206d20079999u y0rusy50 ca | ||
| 101 | 0 |
_arus _aeng |
|
| 102 | _aRU | ||
| 105 | _a||||j ||||| | ||
| 200 | 1 |
_aАнглийский язык _eМилли/Millie 2 _eучебник английского языка для 2 класса общеобразовательных учреждений _eначальный курс к УМК "Английский язык нового тысячелетия" / "New Millennium English" для 5-11 классов _fС.И. Азарова, Э.Н. Дружинина, Е.В. Ермолаева [и др.] |
|
| 210 |
_aОбнинск _cТитул _d2007 |
||
| 215 | _d29 | ||
| 225 | 1 | _aМосковский учебник | |
| 300 | _aЗагл. обл.: Pupil's book Millie 2 | ||
| 463 | 0 | _10011158514 | |
| 463 | 0 | _10011158515 | |
| 512 | 1 | _aPupil's book Millie 2 | |
| 606 | 1 |
_aАнглийский язык _jУчебники для начальной школы _9972309 _3RU\NLR\auth\6646032 |
|
| 686 | _aШ143.21-93рус21[2] | ||
| 701 | 1 |
_4070 _7ca _8rus _aАзарова _bС. И. _cлингвист _982351 _3RU\NLR\AUTH\7799425 |
|
| 701 | 1 |
_4070 _7ca _8rus _aДружинина _bЭ. Н. _cлингвист _982352 _3RU\NLR\AUTH\7799426 |
|
| 701 | 1 |
_4070 _7ca _8rus _aЕрмолаева _bЕ. В. _cлингвист _982353 _3RU\NLR\AUTH\7799427 |
|
| 801 | 0 |
_aRU _bNLR _c20080206 _gRCR |
|
| 801 | 1 |
_aRU _bNLR _c20080206 |
|
| 852 |
_aNLR _j2007-8/3566 |
||
| 942 | _cBOOK | ||